00541nam a2200169 i 450000100060000000300090000600500170001500700030003200800410003510000260007624500440010226000320014630000220017885200320020099900170023295201220024990685ES-MaACL20230906180531.0t|050124s1967 sp ||||1| spa d1 aLeclerc, Eloy.97108610aSabiduria de un pobre / cEloi Leclerc. aMadrid : bMarova, c[1963] a127 p. ; c19 cm. aES-MaACLjC-23516 bR.52000 c90685d90685 00104070aATENEOMbATENEOMcDEPO2d2008-01-17eSCl0oC-23516p1094690r2023-02-23 00:00:00w2023-02-23yMONOGRAFIA